|
|
|
|
| LEADER |
01803nam a2200469 i 4500 |
| 001 |
001586738 |
| 003 |
CZ BrMZK |
| 005 |
20170814124951.0 |
| 007 |
ta |
| 008 |
170724s2011 sp abefe 001 0 spa |
| 020 |
|
|
|a 978-84-08-10385-1
|q (brožováno)
|
| 040 |
|
|
|a BOA001
|b cze
|e rda
|
| 041 |
1 |
|
|a spa
|h eng
|
| 043 |
|
|
|a e-sp---
|
| 045 |
|
|
|a x3x3
|
| 072 |
|
7 |
|a 94(46)
|x Dějiny států a území na Pyrenejském poloostrově
|2 Konspekt
|9 8
|
| 080 |
|
|
|a 94(460)"1936/1939"
|2 MRF
|
| 080 |
|
|
|a 94(460)
|2 MRF
|
| 080 |
|
|
|a (048.8)
|2 MRF
|
| 100 |
1 |
|
|a Beevor, Antony,
|d 1946-
|7 jn20020716713
|4 aut
|
| 240 |
1 |
0 |
|a Spanish civil war.
|l Španělsky
|
| 245 |
1 |
3 |
|a La guerra civil española /
|c Antony Beevor ; traducción de Gonzalo Pontón Gómez
|
| 250 |
|
|
|a Primera edición en colección Booket
|
| 264 |
|
1 |
|a Barcelona :
|b Crítica :
|b Booket,
|c 2011
|
| 300 |
|
|
|a 985 stran, 48 nečíslovaných stran obrazových příloh :
|b ilustrace, mapy, plány ;
|c 19 cm
|
| 336 |
|
|
|a text
|b txt
|2 rdacontent
|
| 337 |
|
|
|a bez média
|b n
|2 rdamedia
|
| 338 |
|
|
|a svazek
|b nc
|2 rdacarrier
|
| 490 |
1 |
|
|a Biblioteca Antony Beevor. Historia ;
|v 5013, 5
|
| 500 |
|
|
|a Přeloženo z angličtiny
|
| 500 |
|
|
|a Chronologický přehled
|
| 504 |
|
|
|a Obsahuje bibliografii, bibliografické odkazy a rejstřík
|
| 648 |
|
7 |
|a 1936-1939
|7 ch500587
|
| 650 |
0 |
7 |
|a španělská občanská válka (1936-1939)
|7 ph174207
|2 czenas
|
| 651 |
|
7 |
|a Španělsko
|7 ge131543
|x dějiny
|y 1936-1939
|2 czenas
|
| 655 |
|
7 |
|a monografie
|7 fd132842
|2 czenas
|
| 700 |
1 |
|
|a Pontón, Gonzalo Gomez
|4 trl
|
| 830 |
|
0 |
|a Biblioteca Antony Beevor.
|p Historia
|
| 910 |
|
|
|a BOA001
|b 1-1391.718
|
| 990 |
|
|
|a BK
|
| 991 |
|
|
|b 201708
|c NOV
|
| 996 |
7 |
|
|b 2610714322
|c 1-1391.718
|l Španělská knihovna/3.patro
|r ZHR
|n 3
|p kupz
|h HI-bee
|w 001622266
|u 000010
|a 0
|e BOA001
|j MZK50
|s A
|